| 000 | 00663nam a2200241 a 4500 | ||
|---|---|---|---|
| 008 | |||
| 020 | _a0723433550 (pbk. ) | ||
| 049 | _aMAIN | ||
| 090 |
_aQR46 _bHAR |
||
| 100 | 1 | _aHart, Tony. | |
| 245 | 1 | 0 |
_aColor atlas of medical microbiology / _cTony Hart and Paul Shears. |
| 260 |
_aEdinburgh : _bMosby, _c2004. |
||
| 300 | _a2nd ed. | ||
| 300 |
_ax, 326 p. : _bcol ill. ; _c18 cm. |
||
| 500 | _aIncludes index. | ||
| 650 | 1 | _aMedical microbiology. | |
| 700 | _aShears, Paul. | ||
| 907 |
_a.b10259582 _b13-06-11 _c13-01-09 |
||
| 003 | |||
| 005 | 20230120204104.0 | ||
| 040 | _cNUST | ||
| 942 |
_cBOOKS _kQR46 _mHAR |
||
| 999 |
_c116890 _d116890 |
||